Литературные произведения по их аннотациям - Statistics

General Stats
  • This quiz has been taken 35 times
  • The average score is 16 of 25
Answer Stats
Аннотация Произведение % Correct
Детектив с нестандартным мышлением и его спутник расследуют сложные дела в Англии Шерлок Холмс
100%
Девочка в погоне за странным кроликом попадает в абсурдно-сказочный мир Алиса в Стране чудес
97%
Бедный петербургский студент убивает старуху, сдающую ему комнату Преступление и наказание
94%
Деревянная кукла мальчика обретает жизнь; когда он врёт, у него начинает расти длинный нос Пиноккио
94%
Юноша и девушка из враждующих влиятельных семей влюбляются друг в друга Ромео и Джульетта
91%
Хоббиты несут Кольцо всевластья в Мордор, чтобы уничтожить его Властелин колец
91%
Профессор биологии и медицины искусственно делает собаку человеком Собачье сердце
91%
В небольшой провинциальный город должны приехать с тайной проверкой, но местные коррумпированные чиновники принимают за проверяющего случайного полунищего плута Ревизор
91%
Мальчик-сирота со шрамом-молнией на лбу внезапно узнаёт, что он - прямой потомок могущественных волшебников, и его судьба будет связана с миром магии Гарри Поттер
91%
Любовный треугольник в российской богеме на фоне Наполеоновских войн Война и мир
88%
В первой книге описан трудный исторический путь еврейского народа, а вторая повествует о жизни Иисуса Христа Библия
81%
Морское судно терпит крушение близ Карибских островов, выживает только один матрос, который пытается обустроить свой нехитрый быт в дружбе с одним местным аборигеном Робинзон Крузо
81%
Рассказчик встречает эксцентричного маргинала, и они вместе устраивают подпольные кулачные бои Бойцовский клуб
78%
В тоталитарном обществе с повсеместной слежкой и пропагандой прозревает один рядовой государственный служащий 1984
72%
В будущем полностью запрещены книги, и даже за их хранение власть жестоко наказывает 451 градус по Фаренгейту
66%
Наследный принц Дании мстит за покойного отца Гамлет
63%
На неспокойной пустынной планете идёт война за ценный универсальный ресурс Дюна
47%
Пиратский клан и британские мореходы соревнуются, кто из них первым доберётся до тайного клада с драгоценностями Остров сокровищ
47%
Писатель соглашается вместе с женой и сыном присмотреть за огромным горным отелем, закрытом на зиму, но в процессе медленно сходит там с ума, начав видеть призраков Сияние
41%
В Петербург на поезде прибывает добрейшей души аристократ, которому оставили богатое наследство за рубежом, и его окружение всячески пытается этим наследством завладеть Идиот
34%
Однажды утром случайного мужчину обвиняют неизвестно в чём конкретно, и он пытается докопаться до правды Процесс
25%
Британский военачальник под влиянием ведьм и своей жены идёт по головам к высшей власти Макбет
19%
Внеземная цивилизация посещает Землю в нескольких местах, оставляя после себя там очень странные вещи, природу которых пытаются объяснить учёные в тесном сотрудничестве с исследователями Пикник на обочине
9%
Сказочный мир, где персонажи действительно живут на плоском диске, лежащем на спине гигантской галактической черепахи, летящей сквозь пространство Плоский мир
6%
Рассказчик прибывает в зловещий рыбацкий город с крайне неприветливыми и неказистыми жителями, где встречает единственного нормального человека - пьяницу, который рассказывает что-то о местной церкви, после чего ночью номер отеля, где поселился рассказчик, кто-то пытается взять штуромом снаружи Тень над Иннсмаутом
6%
No matching quizzes found
Score Distribution
Percent of People with Each Score
Percentile by Number Answered
Your Score History
You have not taken this quiz